| 000 | 00417cam a2200181ua 4500 | ||
|---|---|---|---|
| 020 | _c15.00 | ||
| 041 |
_ahin _h |
||
| 082 |
_a891.54 _bPRE/MA |
||
| 100 | _aPremchand, . | ||
| 245 |
_aMangalacharan / _cPremchand. _hTextual Documents |
||
| 250 |
_a1 / _b. |
||
| 260 |
_aIlahabad : _bHans Prakashan , _c1962. |
||
| 300 | _a405 ; . | ||
| 365 | _a15.00 | ||
| 504 | _a | ||
| 942 | _cBK | ||
| 999 |
_c8182 _d8182 |
||